000
00492nam a2200181Ia 4500
008
090124s9999 xx 000 0 und d
082
_b
103971
100
_a
शहाणे रत्नप्रभा
245
_a
गुलशन
250
_a
1
260
_c
1951
300
_a
100
600
_a
शहाणे रत्नप्रभा
630
_a
गुलशन
700
_a
शहाणे रत्नप्रभा
730
_a
गुलशन
942
_c
BOOK
999
_c
150063
_d
150063